| 000 | 01047nab a2200217 i 4500 | ||
|---|---|---|---|
| 001 | 768714001 | ||
| 003 | CO-MdFUSB | ||
| 005 | 20240611155213.0 | ||
| 008 | 240611t1972 ck ||||| |||| 00| 0 spa d | ||
| 040 |
_bspa _cCO-MdFUSB _dCO-MdFUSB |
||
| 041 | _aspa | ||
| 100 |
_aGonzález, Fernán, _eautor |
||
| 245 | 1 |
_aReligión y sociedad en conflicto : _bla revolución ideológica y social de 1848 en Colombia _c/Fernán González |
|
| 520 | _aEl presente artículo no pretende ser un trabajo exhaustivo sobre la materia, sino proporcionar simplemente una primera aproximación a la historia de nuestra religión dentro del contexto ideológico y cultural del siglo pasado. | ||
| 650 | 7 |
_aReligión y política _9286 |
|
| 650 | 0 |
_aDerechos civiles. _91718 |
|
| 650 | 0 |
_aIglesia y problemas sociales _91177 |
|
| 773 | 0 |
_070111 _982740 _dBogotá, Colombia : _oR2615 _tEcclesiastica Xaveriana _w(CO-MdFUSB)768714001 _gVolumen 22, (número 1, 1972) páginas: 112 - 184 _qpágina: 112 |
|
| 942 | _cANA | ||
| 945 | _aCatherine Arias Álvarez - Practicante SENA | ||
| 999 |
_c70120 _d70120 |
||